Financial Management (Record no. 4947)
[ view plain ]
| 000 -LEADER | |
|---|---|
| fixed length control field | 00321nam a2200145Ia 4500 |
| 008 - FIXED-LENGTH DATA ELEMENTS--GENERAL INFORMATION | |
| fixed length control field | 191201s2007 xx 000 0 und d |
| 082 ## - DEWEY DECIMAL CLASSIFICATION NUMBER | |
| Classification number | 658.15 |
| Item number | ELF |
| 100 ## - MAIN ENTRY--PERSONAL NAME | |
| Personal name | ELSEVIER |
| 245 #0 - TITLE STATEMENT | |
| Title | Financial Management |
| 250 ## - EDITION STATEMENT | |
| Edition statement | Rep |
| 260 ## - PUBLICATION, DISTRIBUTION, ETC. (IMPRINT) | |
| Place of publication, distribution, etc | U S A |
| Name of publisher, distributor, etc | Elsevier |
| Date of publication, distribution, etc | 2007 |
| 300 ## - PHYSICAL DESCRIPTION | |
| Extent | 114 |
| 650 ## - SUBJECT ADDED ENTRY--TOPICAL TERM | |
| Topical term or geographic name as entry element | BBA |
| 942 ## - ADDED ENTRY ELEMENTS (KOHA) | |
| Source of classification or shelving scheme | Dewey Decimal Classification |
| Koha item type | Text Books |
| 942 ## - ADDED ENTRY ELEMENTS (KOHA) | |
| -- | 1 |
| Withdrawn status | Lost status | Source of classification or shelving scheme | Damaged status | Not for loan | Collection code | Home library | Current library | Date acquired | Source of acquisition | Cost, normal purchase price | Bill Number | Total Checkouts | Full call number | Acc. no. / Barcode | Date last seen | Date last borrowed | Bill Date | Koha item type |
|---|---|---|---|---|---|---|---|---|---|---|---|---|---|---|---|---|---|---|
| Dewey Decimal Classification | BBA | PIET C-LIBRARY | PIET C-LIBRARY | 30/07/2011 | The book company | 495.00 | IN-859 | 1 | 658.15 ELF | 17991 | 02/03/2020 | 18/02/2020 | 27/07/2011 | Text Books | ||||
| Dewey Decimal Classification | BBA | PIET C-LIBRARY | PIET C-LIBRARY | 30/07/2011 | The book company | 495.00 | IN-859 | 658.15 ELF | 17992 | 04/12/2019 | 27/07/2011 | Text Books | ||||||
| Dewey Decimal Classification | BBA | PIET C-LIBRARY | PIET C-LIBRARY | 30/07/2011 | The book company | 495.00 | IN-859 | 658.15 ELF | 17993 | 04/12/2019 | 27/07/2011 | Text Books | ||||||
| Dewey Decimal Classification | BBA | PIET C-LIBRARY | PIET C-LIBRARY | 30/07/2011 | The book company | 495.00 | IN-859 | 658.15 ELF | 17994 | 04/12/2019 | 27/07/2011 | Text Books | ||||||
| Dewey Decimal Classification | BBA | PIET C-LIBRARY | PIET C-LIBRARY | 30/07/2011 | The book company | 495.00 | IN-859 | 658.15 ELF | 17995 | 04/12/2019 | 27/07/2011 | Text Books |